00841 2200289 4500001002100000005001700021008004100038020002200079035002400101082001300125084002000138090002400158100002400182245009800206250001100304260003600315300002100351504003300372650001100405700001900416990001800435990001800453990001800471990002200489990001800511990002200529YOGYA-0311000000024520160913094429.0 ind  a978-979-3752-42-6 0010-031100000000245 a297.3822 a297.3822bJur S aDEP 297.3822bJur S aJUREMI, Ibnu Muslih aShalat khusyuk jaminan 100% masuk surgacoleh Ibnu Muslih Djuremi ; penyunting, Irham Syaroni aCet. 1 aYogyakartabCitra Risalahc2010 a182 hlm.c20 cm. aBibliografi : hlm. [183-186] aShalat aSyaroni, Irham a49719-PD/B.10 a49720-PD/B.10 a49721-PD/B.10 aCB-D.11-2010-1452 a49720-PD/B.10 aCB-D.11/2010-1452